| Tag |
First Indicator |
Second Indicator |
Subfields |
| LEADER |
00000cam a2200000 4500 |
| 001 |
in00001892456 |
| 006 |
m | d | |
| 007 |
cr |n||||||||n |
| 008 |
870514s1763 enk|||| s 00||||eng d |
| 005 |
20260403180448.3 |
| 035 |
|
|
|a (CStRLIN)ESTCT170710
|
| 040 |
|
|
|a Uk-ES
|c Uk-ES
|d CStRLIN
|d Thomson Gale
|d UtOrBLW
|
| 100 |
0 |
|
|a Eminent hand.
|
| 245 |
1 |
2 |
|a A modest apology for the conduct of a certain reverend gentleman in a late excursion :
|b with an infallible plan for removing all future animosity between the English and Scotch, by an eminent hand. To which is added, an extraordinary card upon a very extraordinary occasion.
|
| 264 |
|
3 |
|a London :
|b printed for G. Burnet,
|c [1763?]
|
| 300 |
|
|
|a 2 unnumbered pages, 25, 1 unnumbered page ;
|c 4⁰.
|
| 336 |
|
|
|a text
|b txt
|2 rdacontent
|
| 337 |
|
|
|a computer
|b c
|2 rdamedia
|
| 338 |
|
|
|a online resource
|b cr
|2 rdacarrier
|
| 500 |
|
|
|a A satire on Charles Churchill.
|
| 500 |
|
|
|a Reproduction of original from the Bodleian Library (Oxford).
|
| 510 |
4 |
|
|a English Short Title Catalog,
|c ESTCT170710.
|
| 533 |
|
|
|a Electronic reproduction.
|b Farmington Hills, Mich. :
|c Thomson Gale,
|d 2003.
|n Available via the World Wide Web.
|n Access limited by licensing agreements
|7 s2003 miunns
|
| 500 |
|
|
|a Electronic resource.
|
| 830 |
|
0 |
|a Eighteenth century collections online.
|
| 856 |
4 |
0 |
|u http://proxy.library.tamu.edu/login?url=https://galenet.galegroup.com/servlet/ECCO?c=1&stp=Author&ste=11&af=BN&ae=T170710&tiPG=1&dd=0&dc=flc&docNum=CW106050015&vrsn=1.0&srchtp=a&d4=0.33&n=10&SU=0LRL+OR+0LRI&locID=txshracd2898
|z Full text online
|t 0
|
| 999 |
|
|
|a MARS
|
| 999 |
f |
f |
|s 8aff72e8-3585-3677-a555-1d9f5320ed9f
|i c4d6f965-e38c-35df-9807-77cad1440215
|t 0
|
| 952 |
f |
f |
|a Texas A&M University
|b College Station
|c Electronic Resources
|s www_evans
|d Available Online
|t 0
|h No information provided
|
| 998 |
f |
f |
|t 0
|l Available Online
|